Words with 'Loo' Quiz Stats

 Plays Quiz Updated Sep 20, 2016

Also try: 31 'B R' Things
Challenge
Share
Tweet
Embed
Score 0/20 Timer 05:00
6 Plays Today
% Correct
igloo
96.7%
balloon
96.4%
heirloom
95.9%
look
95.7%
floor
95.3%
blooper
94.7%
loot
94.4%
loofah
94.1%
pantaloon
93.5%
loon
93.2%
% Correct
loop
93.1%
vindaloo
91.3%
footloose
91.2%
gloom
91%
flood
90.9%
cold-blooded
90.5%
aloof
88.9%
saloon
87.9%
sloop
83.5%
waterloo
82.5%

You're not logged in!

Compare scores with friends on all Sporcle quizzes.
OR
Log In

You Might Also Like...

Show Comments

Extras

Top Quizzes Today


Score Distribution

Your Account Isn't Verified!

In order to create a playlist on Sporcle, you need to verify the email address you used during registration. Go to your Sporcle Settings to finish the process.

Report this User

Report this user for behavior that violates our Community Guidelines.

Details: